Preguntas frecuentes sobre Urrá. (Registro nro. 20811)

Detalles MARC
000 -CABECERA
Campo de control 00679nam a22002057a 4500
005 - FECHA Y HORA DE LA ULTIMA TRANSACCION
Campo de control 20200203160650.0
008 - ELEMENTOS DE LONGITUD FIJA—INFORMACION GENERAL
Campo de control 200203b xxu||||| |||| 00| 0 spa d
040 ## - FUENTE DE CATALOGACIÓN
Agencia catalogadora original CO-BoIAVH
Agencia transcriptora CO-BoIAVH
041 ## - IDIOMA
Código de idioma para texto/pista de sonido o título separado Español
044 ## - PAÍS DE PUBLICACIÓN
País de publicación Colombia
110 ## - ASIENTO PRINCIPAL--NOMBRE CORPORATIVO
9 (RLIN) 51267
Nombre corporativo o de jurisdicción como elemento de entrada Empresa Multipropósito Urrá
245 ## - MENCION DE TITULO
Título Preguntas frecuentes sobre Urrá.
260 ## - PUBLICACION, DISTRIBUCION, ETC. (PIE DE IMPRENTA)
Lugar de publicación, distribución, etc. Montería, Córdoba:
Nombre del editor, distribuidor, etc. Empresa URRA,
Fecha de publicación, distribución, etc. 2014.
300 ## - DESCRIPCION FISICA
Extensión 20 Páginas:
Otros detalles físicos fotografías,
Dimensiones 20 x 19 cm.
Material acompañante + 1 folleto plegable
650 #0 - ASIENTO SECUNDARIO DE MATERIA - TERMINO TEMATICO
9 (RLIN) 101789
Término temático o nombre geográfico como elemento de entrada Guía informativa
650 #0 - ASIENTO SECUNDARIO DE MATERIA - TERMINO TEMATICO
9 (RLIN) 102529
Término temático o nombre geográfico como elemento de entrada central hidroeléctrica
650 #0 - ASIENTO SECUNDARIO DE MATERIA - TERMINO TEMATICO
9 (RLIN) 102534
Término temático o nombre geográfico como elemento de entrada sosteniblidad ambiental
650 #0 - ASIENTO SECUNDARIO DE MATERIA - TERMINO TEMATICO
9 (RLIN) 40129
Término temático o nombre geográfico como elemento de entrada Adaptación al cambio climático
942 ## - ELEMENTOS ADICIONALES (KOHA)
Sistema de clasificación Dewey Decimal Classification
Tipo de ítem Folleto
Existencias
Withdrawn status Lost status Sistema de Clasificación Damaged status No para préstamo Colección Ubicación Permanente Ubicación actual Fecha de adquisición Total Checkouts Número topográfico Inventario / Código de Barras Date last seen Ejemplar Price effective from Forma de adquisición Tipo de material Public note
    Dewey Decimal Classification     Hemeroteca Bogotá Bogotá 03/02/2020   FG-0453 044164 03/02/2020 Ej. 1 03/02/2020 Canje Folleto 1 folleto plegable (CID-044165)